Pivot-indepent relativization in Japanese

Bibliographic Details
Published in:Japanese syntax and semantics, S.-Y. Kuroda, Dordrecht, 1992, P.114-176 (Studies in natural language and linguistic theory)
Main Author: Kuroda, Shige-Yuki
Content type: Article
Published: 1992
Source:MPIPL_cat
_version_ 1863687000022843395
author Kuroda, Shige-Yuki
author_facet Kuroda, Shige-Yuki
author_search Kuroda, Shige-Yuki
author_sort Kuroda, Shige-Yuki
author_variant s y k syk
collection_details MPIPL
container_reference P.114-176
container_start_page 114
container_title Japanese syntax and semantics : collected papers
dedup_id_str MPIPL_cat.PL0032343
dewey-hierarchy 0/[Unassigned]/
dewey-hierarchy_str 0/[Unassigned]/
first_indexed 2024-07-08T10:27:11Z
format 0/Artikel/
format_str 0/Artikel/
fullrecord <?xml version="1.0" encoding="UTF-8"?> <collection xmlns:xsi="http://www.w3.org/2001/XMLSchema-instance" xsi:schemaLocation="http://www.loc.gov/MARC21/slim http://www.loc.gov/standards/marcxml/schema/MARC21slim.xsd" xmlns="http://www.loc.gov/MARC21/slim"> <record> <leader>00000naa a2200000 u 4500</leader> <controlfield tag="001">PL0032343</controlfield> <controlfield tag="003">PLI01000000000000000032239</controlfield> <controlfield tag="005">00000000000000.0</controlfield> <controlfield tag="008"> ||| u </controlfield> <datafield tag="100" ind1="1" ind2=" "> <subfield code="a">Kuroda, Shige-Yuki</subfield> </datafield> <datafield tag="245" ind1="0" ind2="0"> <subfield code="a">Pivot-indepent relativization in Japanese</subfield> <subfield code="c">S.-Y. Kuroda</subfield> </datafield> <datafield tag="260" ind1=" " ind2=" "> <subfield code="c">1992</subfield> </datafield> <datafield tag="952" ind1=" " ind2=" "> <subfield code="j">1992</subfield> <subfield code="h">P.114-176</subfield> </datafield> <datafield tag="996" ind1=" " ind2=" "> <subfield code="a">Aufsatz</subfield> </datafield> <datafield tag="997" ind1=" " ind2=" "> <subfield code="a">book chapter</subfield> </datafield> <datafield tag="773" ind1="0" ind2="8"> <subfield code="t">Japanese syntax and semantics</subfield> <subfield code="a">S.-Y. Kuroda</subfield> <subfield code="d">Dordrecht, 1992</subfield> <subfield code="g">P.114-176</subfield> <subfield code="k">Studies in natural language and linguistic theory</subfield> <subfield code="w">MPIPL_cat.PL0032340</subfield> <subfield code="z">0-7923-1390-9</subfield> <subfield code="i">In:</subfield> </datafield> </record> </collection>
hierarchy_parent_id MPIPL_cat.PL0032340
hierarchy_parent_title Japanese syntax and semantics : collected papers
id MPIPL_cat.PL0032343
illustrated Not Illustrated
institution MPIPL_cat
institution_str MPIPL_cat
isbn 9780792313908
0-7923-1390-9
language und
language_str und
last_indexed 2026-04-27T23:41:21Z
local_fields Aufsatz
online false
online_MPIPL_cat false
online_str false
publishDate 1992
publishDate_str 1992
record_format marc
spelling Kuroda, Shige-Yuki
Pivot-indepent relativization in Japanese
S.-Y. Kuroda
1992
Japanese syntax and semantics
Dordrecht, 1992
P.114-176
Studies in natural language and linguistic theory
0-7923-1390-9
In
spellingShingle Kuroda, Shige-Yuki
Pivot-indepent relativization in Japanese
title Pivot-indepent relativization in Japanese
title_full Pivot-indepent relativization in Japanese S.-Y. Kuroda
title_fullStr Pivot-indepent relativization in Japanese S.-Y. Kuroda
title_full_unstemmed Pivot-indepent relativization in Japanese S.-Y. Kuroda
title_search Pivot-indepent relativization in Japanese
title_short Pivot-indepent relativization in Japanese
title_sort pivot indepent relativization in japanese s y kuroda